Music Quiz

Random Music or Bands Quiz

Subcategory Multiple Choice: Music Quiz Stats

 Plays Quiz Updated Nov 26, 2016

Challenge
Share
Tweet
Embed
Score 0/16 Timer 04:00
20 Plays Today
Question Answer Wrong Answers
Figure Out the Lyrics
Complete the missing lyric: 'Is this the real life? Is this just _____?'
fantasy
91%
imagination
2%
delusion
1.2%
destiny
0.9%
Kpop
Which song by Psy has been viewed over 2 billion times on YouTube?
Gangnam Style
90.7%
Gentleman
1%
Daddy
1.3%
Hangover
2%
Rock
Eddie Van Halen, Eric Clapton, and Jimmy Page all use what instrument?
Guitar
87%
Drums
2%
Keyboards
2.3%
Bass
4.8%
Country Music
What country singer is known for the song 'Achy Breaky Heart'?
Billy Ray Cyrus
86.3%
Garth Brooks
4.9%
Kenny Chesney
2.5%
Dwight Yoakam
1.5%
Singers
Which modern pop artist is known for singing 'Firework'?
Katy Perry
85.8%
Taylor Swift
3.7%
Adele
2.5%
Nicki Minaj
5%
Lyrics
What song features the lyrics 'we don't need no education'?
Another Brick in the Wall
84.2%
School's Out
11%
Don't Stand So Close to Me
0.7%
Hot for Teacher
2%
Album
Which Michael Jackson album featured the single, 'Beat It'?
Thriller
82.2%
Dangerous
4.4%
Bad
9.1%
Invincibile
2.8%
Classical
Which composer is known for the piece 'The Four Seasons'?
Antonio Vivaldi
70.9%
Ludwig Van Beethoven
9.5%
George Frideric Handel
5.8%
Giuseppe Verdi
9.5%
Song
Which of these songs was written by the band Aerosmith?
Sweet Emotion
70.3%
Whole Lotta Love
7.9%
Runnin' With the Devil
13.9%
Detroit Rock City
6.8%
Rap
Which '90s rapper performed the song 'Gangsta's Paradise'?
Coolio
70.2%
Notorious B.I.G.
13.7%
Snoop Dogg
7.2%
Ice Cube
4.9%
Bands
Which of these bands did not originate from the United Kingdom?
The Doors
69.8%
Pink Floyd
7%
Black Sabbath
14.5%
Queen
6.2%
The Beatles
Which album features the song 'Come Together'?
Abbey Road
58.9%
Help!
14%
Revolver
17.2%
Rubber Soul
9.5%
Billboard
Which of these well-known bands never had a #1 hit in the U.S.?
Led Zeppelin
55.1%
Eagles
9.4%
The Rolling Stones
11.8%
Fleetwood Mac
19.2%
Artist
Who won the 2015 Grammy Award for Record of the Year?
Sam Smith
54.5%
Meghan Trainor
16.2%
Iggy Azalea
9.7%
Sia
16.4%
Taylor Swift
Which song did not hit #1 on the Billboard Hot 100?
You Belong With Me
38.2%
Blank Space
22.3%
Bad Blood
23.2%
Shake It Off
10.9%
Clip
Which of these songs does not begin with a drum solo?
Jump - Van Halen
34.3%
Billie Jean - Michael Jackson
34.2%
Walk This Way - Aerosmith
17.9%
My Sharona - The Knack
9.9%

You're not logged in!

Compare scores with friends on all Sporcle quizzes.
OR
Log In

You Might Also Like...

Show Comments

Extras

Top Quizzes Today


Score Distribution

Your Account Isn't Verified!

In order to create a playlist on Sporcle, you need to verify the email address you used during registration. Go to your Sporcle Settings to finish the process.

Report this User

Report this user for behavior that violates our Community Guidelines.

Details: